000 01288nam a2200301 i 4500
003 EG-GICUC
005 20260121101537.0
008 251224s1994 ua ||||fr|||| 00| 0 ara d
040 _a EG-GICUC
_bara
_c EG-GICUC
_d EG-GICUC
_erda
041 0 _hara
082 0 4 _221
_a345.693
_bأ ح . ر
092 0 4 _221
099 _aLaw1 09 345.693 أ ح . ر 1994
100 0 _aأحمد كمال ابو المجد
_eمؤلف.
245 1 0 _aرقابة القضاء على أعمال الإدارة.
_nالجزء الاول،
_pمبدأ المشروعية - مجلس الدولة واختصاصاته /
_cأحمد كمال ابو المجد.
264 1 _aالقاهره :
_bدار النهضة العربية،
_c1994.
300 _a126 ؛ صفحة
_c24 سم.
336 _2rda content
_atext
337 _2rda media
_aComputer
338 _2rda carrier
_aOnline Resource
504 _aيحتوي على ارجاعات ببليوجرافية
546 _aالنص أغلبه باللغة العربية مع بعض النصوص الفرنسية
650 1 4 _aالرقابة القضائية علي اعمال الادارة
_xالقانون الإداري
651 1 _2qrmak
856 4 0 _uhttps://fll.law.cu.edu.eg/fulltext/bks/B07-00487.pdf
905 _a75
942 _2ddc
_cBK
_e21
_n0
999 _c52443
_d52443